Gran atlas del Perú / (Registro nro. 46342)

Detalles MARC
000 -LEADER
campo de control de longitud fija 02942cam a22006374i 4500
003 - IDENTIFICADOR DE NÚMERO DE CONTROL
campo de control PE-LiUPU
005 - FECHA Y HORA DE LA ÚLTIMA TRANSACCIÓN
campo de control 20250731165601.0
008 - DATOS DE LONGITUD FIJA--INFORMACIÓN GENERAL
campo de control de longitud fija 150625s2005 pe a rb 000 0 spa d
020 ## - NÚMERO INTERNACIONAL ESTÁNDAR DEL LIBRO
Número Internacional Estándar del Libro 997258206X
020 ## - NÚMERO INTERNACIONAL ESTÁNDAR DEL LIBRO
Número Internacional Estándar del Libro 9789972582066
035 ## - NÚMERO DE CONTROL DEL SISTEMA
Número de control de sistema (Sirsi) i9789972582066
040 ## - FUENTE DE CATALOGACIÓN
Centro catalogador/agencia de origen PE-LiUPU
Lengua de catalogación spa
Centro/agencia transcriptor PE-LiUPU
Normas de descripción rda
049 ## - FONDOS LOCALES (OCLC)
Biblioteca depositaria PRUA
082 04 - NÚMERO DE LA CLASIFICACIÓN DECIMAL DEWEY
Número de clasificación 912.85
Cutter G81
Número de edición 21
082 04 - NÚMERO DE LA CLASIFICACIÓN DECIMAL DEWEY
Número de clasificación RC912.85
Cutter G22
100 1# - ENTRADA PRINCIPAL--NOMBRE DE PERSONA
Nombre de persona Garayar, Carlos,
Término indicativo de función/relación autor.
245 00 - MENCIÓN DEL TÍTULO
Título Gran atlas del Perú /
Mención de responsabilidad, etc. Editores, Carlos Garayar, [y otros dos].
264 #1 - PRODUCCIÓN, PUBLICACIÓN, DISTRIBUCIÓN, FABRICACIÓN Y COPYRIGHT
Producción, publicación, distribución, fabricación y copyright Lima :
Nombre del de productor, editor, distribuidor, fabricante PEISA: Q.W.,
Fecha de producción, publicación, distribución, fabricación o copyright 2005.
300 ## - DESCRIPCIÓN FÍSICA
Extensión 352 páginas :
Otras características físicas ilustraciones ;
Dimensiones 33 centímetros
336 ## - TIPO DE CONTENIDO
Término de tipo de contenido text
Fuente rdacontent
337 ## - TIPO DE MEDIO
Nombre/término del tipo de medio unmediated
Fuente rdamedia
338 ## - TIPO DE SOPORTE
Nombre/término del tipo de soporte volume
Fuente rdacarrier
500 ## - NOTA GENERAL
Nota general Edición preparada especialmente para el diario La República.Adaptación de textos originales escritos por Jorge Alegre y Dario Gastelo.
505 0# - NOTA DE CONTENIDO CON FORMATO
Nota de contenido con formato El Perú -- Amazonas -- Áncash -- Apurímac -- Arequipa -- Ayacucho -- Cajamarca -- Callao -- Cuzco -- Huancavelica -- Huánuco -- Ica -- Junín -- La Libertad -- Lambayeque -- Lima -- Loreto -- Madre de Dios -- Moquegua -- Pasco -- Piura -- Puno -- San Martín -- Tacna -- Tumbes -- Ucayali -- Áreas naturales protegidas.
526 ## - NOTA DE INFORMACIÓN SOBRE EL PROGRAMA DE ESTUDIO
Nombre del programa Segunda Especialidad En Estadística Aplicada Para Investigación (A Distancia)
526 ## - NOTA DE INFORMACIÓN SOBRE EL PROGRAMA DE ESTUDIO
Nombre del programa Segunda Especialidad En Estadística Aplicada Para Investigación
526 ## - NOTA DE INFORMACIÓN SOBRE EL PROGRAMA DE ESTUDIO
Nombre del programa Ingeniería De Ciberseguridad
526 ## - NOTA DE INFORMACIÓN SOBRE EL PROGRAMA DE ESTUDIO
Nombre del programa Ingeniería De Ciencia De Datos E Inteligencia Artificial
526 ## - NOTA DE INFORMACIÓN SOBRE EL PROGRAMA DE ESTUDIO
Nombre del programa Ingeniería De Software
526 ## - NOTA DE INFORMACIÓN SOBRE EL PROGRAMA DE ESTUDIO
Nombre del programa
526 ## - NOTA DE INFORMACIÓN SOBRE EL PROGRAMA DE ESTUDIO
Nombre del programa Comunicación Y Periodismo
526 ## - NOTA DE INFORMACIÓN SOBRE EL PROGRAMA DE ESTUDIO
Nombre del programa Maestría En Ingeniería De Sistemas Con Mención En Dirección Y Gestión De Tecnologías De Información (Semipresencial)
526 ## - NOTA DE INFORMACIÓN SOBRE EL PROGRAMA DE ESTUDIO
Nombre del programa Maestría En Ingeniería De Sistemas Con Mención En Dirección Y Gestión De Tecnologías De Información (A Distancia)
526 ## - NOTA DE INFORMACIÓN SOBRE EL PROGRAMA DE ESTUDIO
Nombre del programa Doctorado en ingeniería de sistemas
526 ## - NOTA DE INFORMACIÓN SOBRE EL PROGRAMA DE ESTUDIO
Nombre del programa Maestría en ingeniería de sistemas con mención en Ingeniería de software
526 ## - NOTA DE INFORMACIÓN SOBRE EL PROGRAMA DE ESTUDIO
Nombre del programa Maestría en ingeniería de sistemas con mención en Dirección y gestión de tecnologías de información
526 ## - NOTA DE INFORMACIÓN SOBRE EL PROGRAMA DE ESTUDIO
Nombre del programa Ingeniería de sistemas
526 ## - NOTA DE INFORMACIÓN SOBRE EL PROGRAMA DE ESTUDIO
Nombre del programa Educación secundaria, especialidad matemática e informática
541 ## - NOTA DE FUENTE DE ADQUISICIÓN DIRECTA
-- 002-0002955;
596 ## -
-- 1 3
651 ## - PUNTO DE ACCESO ADICIONAL DE MATERIA--NOMBRE GEOGRÁFICO
Nombre geográfico Atlas
Subdivisión geográfica Perú
651 ## - PUNTO DE ACCESO ADICIONAL DE MATERIA--NOMBRE GEOGRÁFICO
Nombre geográfico Geografía histórica
Subdivisión de forma Mapas
651 ## - PUNTO DE ACCESO ADICIONAL DE MATERIA--NOMBRE GEOGRÁFICO
Nombre geográfico Geografía
Subdivisión geográfica Perú.
700 1# - ENTRADA AGREGADA--NOMBRE PERSONAL
Nombre de persona Garayar, Carlos,
Término indicativo de función/relación editor.
700 1# - ENTRADA AGREGADA--NOMBRE PERSONAL
Nombre de persona Vallenas, Hugo1955- ,
Término indicativo de función/relación editor.
700 1# - ENTRADA AGREGADA--NOMBRE PERSONAL
Nombre de persona Coronado, Germán,
Término indicativo de función/relación editor.
942 ## - ELEMENTOS DE ENTRADA SECUNDARIOS (KOHA)
Fuente del sistema de clasificación o colocación Clasificación Decimal Dewey
Tipo de ítem Koha
949 ## - PROCESAMIENTO DE INFORMACIÓN LOCAL (OCLC)
a RC 912.85 G81
w DEWEY
c 1
i 57246
l CCODEBUL1
m BUL
p 73.00
r 0
s Y
t BOOK
u 2015-6-25
x EDUCACION
z UNKNOWN
0 COMPRA
o .STAFF. Colección General
949 ## - PROCESAMIENTO DE INFORMACIÓN LOCAL (OCLC)
a RC 912.85 G22 2005
w DEWEY
c 1
i FJ11817
l CCODEBUJ1
m BUJ
p 73.00
r 0
s Y
t BOOK
u 2018-10-15
x EDUCACION
-- P14
0 COMPRA
o .STAFF. Colección General Juliaca
994 ## -
-- C0
-- PEPRU
999 ## - NÚMEROS DE CONTROL DE SISTEMA (KOHA)
-- DEWEY
-- 57246
-- 2021-11-8
-- 5
-- RCG
-- BUL
-- 73.00
-- 1
-- Y
-- BOOK
-- 2015-6-25
-- BIBLIOTECA
-- UNKNOWN
-- COMPRA
-- .STAFF. Colección General
999 ## - NÚMEROS DE CONTROL DE SISTEMA (KOHA)
-- DEWEY
-- 80263
-- 2021-11-9
-- 3
-- CCODEBUL1
-- BUL
-- 73.00
-- 1
-- 0
-- Y
-- BOOK
-- 2019-7-5
-- EDUCACION
-- P20
-- COMPRA
-- .STAFF. Colección Ciencias Humanas y Educación
999 ## - NÚMEROS DE CONTROL DE SISTEMA (KOHA)
-- DEWEY
-- FJ11817
-- CCODEBUJ1
-- BUJ
-- 73.00
-- 3
-- 0
-- Y
-- BOOK
-- 2018-10-15
-- EDUCACION
-- P14
-- COMPRA
-- .STAFF. Colección General Juliaca
980 ## - EQUIVALENCIA O REFERENCIA-CRUZADA-MENCIÓN DE SERIE--NOMBRE DE PERSONA/TÍTULO [LOCAL, CANADÁ]
ID del último usuario que modificó el registro 1
Nombre del último usuario que modificó el registro ALBERTO SANCHEZ Responsable de Automatización
Existencias
Visto por última vez Número de inventario Total de préstamos Signatura topográfica completa Código de barras Copia número Coste, precio de reemplazo Fecha de reemplazo Facultad Tipo de ítem Koha Estado de pérdida Fuente del sistema de clasificación o colocación Restricciones de uso No para préstamo Colección Programa académico Biblioteca de origen Biblioteca actual Ubicación en estantería Fecha de adquisición Fuente de adquisición Coste, precio normal de compra
2025-12-02 6   RC 912.85 G81 57246 e1 78.00 2015-06-25 FACIHED Libros de referencia No Perdido Clasificación Decimal Dewey No restringido No disponible para préstamos Colección Referencia Educación primaria Biblioteca CRAI UPeU Lima Biblioteca CRAI UPeU Lima Estante de Referencia 2015-06-25 COMPRA 73.00
2025-12-02 4   RC 912.85 G81 80263 e2 78.00 2019-07-05 FACIHED Libros de referencia No Perdido Clasificación Decimal Dewey No restringido No disponible para préstamos Colección Referencia Educación primaria Biblioteca CRAI UPeU Lima Biblioteca CRAI UPeU Lima Estante de Referencia 2019-07-05 COMPRA 73.00